Lesné cesty.

Gespeichert in:
Bibliographische Detailangaben
1. Verfasser: Binder, Róbert (Verfasst von)
Format: Buch
Sprache:Slowakisch
Veröffentlicht: Bratislava : SVTL, 1955
Ausgabe:1.vyd.
Tags: Tag hinzufügen
Keine Tags, Fügen Sie das erste Tag hinzu!

MARC

LEADER 00000nam a22000003a 4500
001 stu266992
005 20150617230223.2
008 130522s--------cs------------------slo-d
040 |a STU  |b slo 
041 0 |a slo 
044 |a cs 
080 |a 624.2/.8 
080 |a 634.9(075.8) 
100 1 |a Binder, Róbert  |4 aut 
245 1 |a Lesné cesty. 
250 |a 1.vyd. 
260 |a Bratislava :  |b SVTL,  |c 1955 
300 |a 287 s 
996 |b 284V034979  |c V*1008/O-12d  |l VVS  |s A  |a 24  |w stu266992_0001